000 00395nam a22001217a 4500
999 _c1719
_d1719
005 20200903110757.0
008 200903b ||||| |||| 00| 0 eng d
020 _a0827334591
040 _cCML
245 _aBlueprint Reading for Plumbers Residential and Commercial.
_cGuest, J.R.
260 _aNew York
_bDelmar Publishers Inc.
_c1989
942 _2ddc
_cBK
_e5th Edition
_h696.1
_mGUE